00423nam a2200157Ia 45000010006000000050017000060080041000230410008000640820015000721000033000872450092001202600009002123000028002216500008002496540008002571651920260306170315.0260306t2022||||xx |||||||||||||| ||und|| aESP a348.6bR84 aRosenbaum Rimolo, JorgeeAUT 0aEl derecho del trabajo y la seguridad social en época de cambios:bproblemas actuales c2022 a782 páginas :c25 cm. aGEN aCDE